[Event "48th Rilton Cup 2018"]
[Site "Stockholm"]
[Date "2018.12.29"]
[Round "3"]
[White "Dhulipalla Bala Chandra Prasa"]
[Black "Heberla, Bartlomiej"]
[Result "1/2-1/2"]
[WhiteElo "2328"]
[BlackElo "2550"]
[Annotator "ChessBase"]
[PlyCount "133"]
[EventDate "2018.12.27"]
[EventType "swiss"]
[EventCountry "SWE"]
[SourceTitle "playchess.com"]
[Source "ChessBase"]
[SourceQuality "1"]
[TimeControl "40/5400+30:1800+30"]

1. d4 {[%emt 0:00:00]} Nf6 {[%emt 0:02:55]} 2. c4 {[%emt 0:00:10]} c5 {[%emt 0:00:11]} 3. d5 {[%emt 0:00:08]} b5 {[%emt 0:00:03]} 4. cxb5 {[%emt 0:03:07]} a6 {[%emt 0:00:07]} 5. bxa6 {[%emt 0:00:30]} g6 {[%emt 0:00:06]} 6. Nc3 {[%emt 0:00:25]} Bg7 {[%emt 0:00:09]} 7. Nf3 {[%emt 0:04:41]} O-O {[%emt 0:05:00]} 8. e4 {[%emt 0:03:08]} Qa5 {[%emt 0:01:08]} 9. Nd2 {[%emt 0:00:48]} Bxa6 {[%emt 0:00:17]} 10. Bxa6 {[%emt 0:03:34]} Qxa6 {[%emt 0:01:32]} 11. Qe2 {[%emt 0:01:07]} e6 {[%emt 0:00:06]} 12. Nc4 {[%emt 0:17:35]} exd5 {[%emt 0:01:17]} 13. Nxd5 {[%emt 0:01:18]} Nxd5 {[%emt 0:23:07]} 14. exd5 {[%emt 0:00:10]} d6 {[%emt 0:00:04]} 15. O-O {[%emt 0:03:33]} Nd7 {[%emt 0:05:10]} 16. Qc2 {[%emt 0:10:44]} Ne5 {[%emt 0:03:49]} 17. Nxe5 {[%emt 0:00:52]} Bxe5 {[%emt 0:00:03]} 18. Bd2 {[%emt 0:00:45]} Rfb8 {[%emt 0:05:04]} 19. Bc3 {[%emt 0:04:44]} Qc4 {[%emt 0:03:14]} 20. Rfc1 {[%emt 0:00:19]} Bxc3 {[%emt 0:06:56]} 21. b3 {[%emt 0:05:23]} Qb4 {[%emt 0:06:17]} 22. Qxc3 {[%emt 0:02:34]} Qxc3 {[%emt 0:00:01]} 23. Rxc3 {[%emt 0:00:05]} Ra3 {[%emt 0:00:03]} 24. g3 {[%emt 0:13:52]} Rba8 {[%emt 0:02:35]} 25. Kg2 {[%emt 0:07:00]} Rxa2 {[%emt 0:00:27]} 26. Rxa2 {[%emt 0:02:50]} Rxa2 {[%emt 0:00:01]} 27. b4 {[%emt 0:01:35]} cxb4 {[%emt 0:00:20]} 28. Rc6 {[%emt 0:00:05]} Ra5 {[%emt 0:13:44]} 29. Rxd6 {[%emt 0:00:27]} Rb5 {[%emt 0:00:06]} 30. Rd8+ {[%emt 0:02:07]} Kg7 {[%emt 0:00:01]} 31. d6 {[%emt 0:00:48]} Rb7 {[%emt 0:03:38]} 32. Re8 {[%emt 0:03:46]} b3 {[%emt 0:00:12]} 33. Re2 {[%emt 0:02:46]} Kf8 {[%emt 0:00:19]} 34. h4 {[%emt 0:01:22]} f5 {[%emt 0:09:13]} 35. Kh2 {[%emt 0:01:13]} Kf7 {[%emt 0:00:12]} 36. Kg2 {[%emt 0:00:23]} h6 {[%emt 0:00:05]} 37. Kh2 {[%emt 0:00:12]} g5 {[%emt 0:00:31]} 38. hxg5 {[%emt 0:00:59]} hxg5 {[%emt 0:00:02]} 39. f3 {[%emt 0:02:07]} g4 {[%emt 0:02:03]} 40. fxg4 {[%emt 0:02:05]} fxg4 {[%emt 0:00:02]} 41. Kg2 {[%emt 0:17:33]} Kf6 {[%emt 0:08:43]} 42. Kf2 {[%emt 0:05:38]} Kg6 {[%emt 0:01:35]} 43. Re1 {[%emt 0:04:19]} b2 {[%emt 0:01:29]} 44. d7 {[%emt 0:00:22]} Rxd7 {[%emt 0:00:57]} 45. Re6+ {[%emt 0:00:16]} Kf5 {[%emt 0:00:18]} 46. Rb6 {[%emt 0:00:07]} Rd2+ {[%emt 0:01:00]} 47. Ke3 {[%emt 0:00:09]} Rc2 {[%emt 0:00:31]} 48. Rb5+ {[%emt 0:00:33]} Ke6 {[%emt 0:00:02]} 49. Kf4 {[%emt 0:00:41]} Kd6 {[%emt 0:02:01]} 50. Kxg4 {[%emt 0:00:27]} Kc6 {[%emt 0:00:04]} 51. Rb8 {[%emt 0:00:33]} Kc5 {[%emt 0:02:15]} 52. Kf5 {[%emt 0:00:56]} Rd2 {[%emt 0:00:54]} 53. Rc8+ {[%emt 0:01:27]} Kd4 {[%emt 0:12:51]} 54. Rb8 {[%emt 0:00:40]} Kc4 {[%emt 0:01:06]} 55. Rc8+ {[%emt 0:00:06]} Kd3 {[%emt 0:02:04]} 56. Rb8 {[%emt 0:00:31]} Rf2+ {[%emt 0:05:15]} 57. Ke5 {[%emt 0:01:35]} Rg2 {[%emt 0:04:09]} 58. g4 {[%emt 0:01:00]} Kc2 {[%emt 0:00:05]} 59. Kf5 {[%emt 0:01:07]} Rf2+ {[%emt 0:00:03]} 60. Ke5 {[%emt 0:00:39]} Rg2 {[%emt 0:02:53]} 61. Kf5 {[%emt 0:00:03]} Rf2+ {[%emt 0:00:06]} 62. Ke5 {[%emt 0:00:02]} Rf8 {[%emt 0:00:22]} 63. Rxb2+ {[%emt 0:00:08]} Kxb2 {[%emt 0:00:02]} 64. g5 {[%emt 0:00:05]} Kc3 {[%emt 0:00:04]} 65. g6 {[%emt 0:00:03]} Rg8 {[%emt 0:00:52]} 66. Kf6 {[%emt 0:00:04]} Rxg6+ {[%emt 0:00:09]} 67. Kxg6 1/2-1/2

[Event "48th Rilton Cup 2018"]
[Site "Stockholm"]
[Date "2018.12.30"]
[Round "4"]
[White "Nabaty, Tamir"]
[Black "Gopal G.N."]
[Result "1/2-1/2"]
[WhiteElo "2670"]
[BlackElo "2582"]
[Annotator "TA"]
[PlyCount "60"]
[EventDate "2018.12.27"]
[EventType "swiss"]
[EventCountry "SWE"]
[SourceTitle "playchess.com"]
[Source "ChessBase"]
[SourceQuality "1"]

{[%evp 13,60,14,17,18,14,19,10,7,16,14,21,11,14,0,0,-17,-13,-12,0,-6,-6,-6,-5,-5,-5,-5,-17,-8,-9,-19,-19,-16,0,0,11,6,4,0,0,0,0,0,0,0,0,0,0,0,0]} 1. d4 Nf6 2. Nd2 d5 3. e3 g6 4. b4 Bg7 5. c4 O-O 6. Ngf3 c6 {D02: 1 d4 d5 2 Nf3 sidelines, including 2...Nf6 3 g3 and 2...Nf6 3 Bf4} 7. a4 Ne4 {LiveBook: 4 Games. The position is equal.} 8. Bb2 Bg4 9. Be2 $146 ({Predecessor:} 9. Qb3 a5 10. b5 Nd7 11. cxd5 cxd5 12. Qxd5 Nxd2 13. Nxd2 {0-1 (64) Khismatullin,D (2642)-Dubov,D (2654) Chita 2015}) 9... Nxd2 10. Nxd2 Bxe2 11. Qxe2 e6 12. O-O Nd7 13. Rab1 Nb6 14. cxd5 cxd5 15. a5 Nc8 16. Ba3 Re8 17. a6 bxa6 18. Qxa6 Bf8 19. Rfc1 Rb8 20. b5 Rb6 21. Qa4 Bxa3 22. Qxa3 Nd6 23. Qxa7 Rxb5 24. Rxb5 Nxb5 25. Qa4 Nd6 26. Nf3 Qa8 27. Qd7 Rc8 28. Rxc8+ Qxc8 29. Qxc8+ Nxc8 30. Kf1 Kf8 {Accuracy: White = 71%, Black = 84%.} 1/2-1/2

[Event "48th Rilton Cup 2018"]
[Site "Stockholm"]
[Date "2018.12.30"]
[Round "4"]
[White "Lagarde, Maxime"]
[Black "Valsecchi, Alessio"]
[Result "1-0"]
[WhiteElo "2616"]
[BlackElo "2497"]
[Annotator "TA"]
[PlyCount "145"]
[EventDate "2018.12.27"]
[EventType "swiss"]
[EventCountry "SWE"]
[SourceTitle "playchess.com"]
[Source "ChessBase"]
[SourceQuality "1"]

{[%evp 14,145,8,8,15,-15,0,0,-18,-16,-20,-44,-36,-34,14,15,63,8,0,0,0,0,-13,-1,0,0,39,12,22,16,23,13,15,18,17,-4,0,-4,0,0,0,-35,-25,-20,0,0,0,0,0,0,43,7,51,0,7,-68,-82,-461,-39,-788,164,175,173,168,178,115,100,-606,402,402,398,399,390,390,373,383,373,379,412,404,960,974,959,959,903,902,887,852,789,743,1313,1166,1265,1180,1562,1431,2573,2305,2019,1843,5330,5716,3563,2857,6697,6589,29956,29958,29958,29953,29958,29961,29961,29962,11291,29957,29961,29964,29963,29961,29964,29959,4602,5695,29972,29973,29978,29977,29981,29982,29988,29989,29989,29985]} 1. e4 c5 2. Nf3 d6 3. d4 cxd4 4. Nxd4 Nf6 5. Nc3 g6 6. g3 Nc6 7. Nxc6 {B70: Sicilian Dragon: 6 g3 and 6 Be2 (without a later Be3)} (7. Nde2 b6 8. Bg2 Bb7 9. b3 Bg7 10. Bb2 O-O 11. O-O Rc8 12. Qd2 Nd7 13. Rab1 Nc5 14. Rfd1 a6 15. Nd5 Bxb2 16. Rxb2 {½-½ (47) Rapport,R (2707)-Kokarev,D (2615) Riadh 2017}) 7... bxc6 8. Bg2 {LiveBook: 3 Games} Qc7 9. O-O {The position is equal.} Bg7 10. b3 $146 ({Predecessor:} 10. Qe2 a5 11. e5 dxe5 12. Re1 O-O 13. Qc4 Bb7 {0-1 (40) Shamima,A (2207)-Habibur,R (1993) Dhaka 2017}) 10... h5 11. Bb2 h4 12. Re1 hxg3 13. hxg3 Bd7 14. Na4 Nh5 {[%cal Bf6h5,Bh5g7,Bg7e6][%mdl 32]} 15. Qd2 (15. e5 $14 O-O 16. Bf3) 15... Bxb2 $11 16. Nxb2 Rd8 17. Qg5 Ng7 18. Rad1 Ne6 19. Qd2 Qb6 20. e5 {Strongly threatening Nc4.} d5 21. c4 Bc8 22. cxd5 cxd5 23. Na4 ({Don't blunder} 23. Bxd5 $2 Bb7 $19) 23... Qb8 24. Rc1 Kf8 25. Nc5 ({Wrong is} 25. Bxd5 $2 Bb7 $19) 25... Kg7 26. b4 Rh5 27. f4 Rdh8 28. a3 ({Much weaker is} 28. Bxd5 Rd8 $17) 28... d4 29. Nxe6+ Bxe6 30. Qxd4 Rh2 31. Rc2 a6 32. a4 R8h6 33. Qc5 Qd8 {White must now prevent ...Qd3.} 34. Qe3 (34. Rf2 $11) 34... Bd5 $15 35. Qd4 $2 {[%mdl 8192] [#]} (35. Rd2 $17 {is a better chance.} Rxg2+ 36. Rxg2) 35... e6 $2 (35... Rh1+ $1 $19 {[%mdl 512]} 36. Kf2 (36. Bxh1 Rxh1+) 36... R6h2 $1 {[%mdl 512]} 37. Rxh1 Rxg2+ 38. Ke3 Rxg3+ 39. Kd2 Rg2+ 40. Kd3 Rxc2 41. Kxc2 Qc8+ 42. Kd3 Bxh1 43. e6+ f6) 36. Ree2 $2 {[%mdl 8192]} (36. Rce2 $15) 36... Qd7 $4 {[%mdl 8192] [#]} (36... Rxg2+ $19 {and all is fine.} 37. Rxg2 Rh1+ $3 {[%mdl 512]} 38. Kf2 Qa8) 37. Bxd5 $1 $18 Rh1+ 38. Kf2 Kh7 39. Qc5 ({Better is} 39. Kf3 $18) 39... exd5 $16 40. e6 $2 {[%mdl 8192]} (40. Qc8 $16 Qa7+ 41. Qc5) 40... fxe6 $4 {[%mdl 8192]} (40... R6h2+ $19 {avoids the disaster.} 41. Kf3 Rf1+ 42. Rf2 {[#]} Qxe6 $1 {[%mdl 512]}) 41. Qc7 $18 Qg7 42. Kf3 {And now Kg4 would win.} g5 43. Qxg7+ Kxg7 44. fxg5 {[%mdl 4096] Endgame KRR-KRR} Rg6 45. Rc7+ Kg8 46. Kg4 Rf1 (46... d4 $142 47. Rd7 Rd1) 47. Kh5 Rg7 48. Rxg7+ Kxg7 49. Rxe6 {KR-KR} Rh1+ 50. Kg4 Rb1 51. Rb6 Rb3 52. Kf4 d4 53. a5 d3 54. Ke3 Kf7 55. g4 {[%cal Bg3g4,Bg4g5][%mdl 32]} Kg7 56. g6 Kg8 57. g5 Kg7 58. Kd2 Kg8 59. Rxa6 Rxb4 60. Kxd3 Rb5 61. Kc4 Re5 62. Kb4 Re4+ 63. Kc5 Re5+ 64. Kb6 Re6+ 65. Kb7 Re7+ 66. Kc8 Re5 67. Kc7 Kg7 68. Ra8 Kxg6 69. a6 {[%cal Ba5a6,Ba6a7][%mdl 32] White mates.} Re6 70. Kd7 Rb6 71. a7 Rb5 72. Rg8+ Kh7 {[#]} 73. Rh8+ $3 {[%mdl 512] Precision: White = 55%, Black = 44%.} 1-0

[Event "48th Rilton Cup 2018"]
[Site "Stockholm"]
[Date "2018.12.30"]
[Round "4"]
[White "Gajewski, Grzegorz"]
[Black "Zumsande, Martin"]
[Result "1/2-1/2"]
[WhiteElo "2598"]
[BlackElo "2490"]
[Annotator "ChessBase"]
[PlyCount "102"]
[EventDate "2018.12.27"]
[EventType "swiss"]
[EventCountry "SWE"]
[SourceTitle "playchess.com"]
[Source "ChessBase"]
[SourceQuality "1"]
[TimeControl "40/5400+30:1800+30"]

1. Nf3 {[%emt 0:00:12]} d5 {[%emt 0:00:00]} 2. g3 {[%emt 0:00:04]} Nf6 {[%emt 0:00:00]} 3. Bg2 {[%emt 0:00:05]} e6 {[%emt 0:00:05]} 4. O-O {[%emt 0:00:06]} Be7 {[%emt 0:01:25]} 5. c4 {[%emt 0:00:53]} O-O {[%emt 0:00:08]} 6. d4 {[%emt 0:01:16]} dxc4 {[%emt 0:00:09]} 7. Qc2 {[%emt 0:00:06]} b6 {[%emt 0:00:16]} 8. Bg5 {[%emt 0:01:22]} Nd5 {[%emt 0:01:25]} 9. Bxe7 {[%emt 0:00:42]} Qxe7 {[%emt 0:00:05]} 10. e4 {[%emt 0:03:05]} Nf6 {[%emt 0:17:13]} 11. Nc3 {[%emt 0:08:29]} Nc6 {[%emt 0:06:46]} 12. a3 {[%emt 0:09:26]} Bb7 {[%emt 0:05:14]} 13. Rad1 {[%emt 0:06:24]} Na5 {[%emt 0:08:53]} 14. Rfe1 {[%emt 0:06:46]} Rad8 {[%emt 0:05:15]} 15. e5 {[%emt 0:02:53]} Nd5 {[%emt 0:01:07]} 16. Ne4 {[%emt 0:00:07]} h6 {[%emt 0:00:28]} 17. h4 {[%emt 0:02:37]} Rd7 {[%emt 0:22:17]} 18. g4 {[%emt 0:22:54]} f5 {[%emt 0:04:29]} 19. exf6 {[%emt 0:01:54]} gxf6 {[%emt 0:00:02]} 20. Qc1 {[%emt 0:02:47]} Qg7 {[%emt 0:02:30]} 21. Ng3 {[%emt 0:00:44]} b5 {[%emt 0:03:10]} 22. Rxe6 {[%emt 0:03:12]} Nb3 {[%emt 0:00:27]} 23. Qc2 {[%emt 0:01:05]} Qxg4 {[%emt 0:02:54]} 24. Re4 {[%emt 0:04:28]} Qg6 {[%emt 0:04:57]} 25. h5 {[%emt 0:02:41]} Qh7 {[%emt 0:00:01]} 26. Nh4 {[%emt 0:09:31]} Nf4 {[%emt 0:01:32]} 27. Ngf5 {[%emt 0:02:12]} Bxe4 {[%emt 0:02:31]} 28. Qxe4 {[%emt 0:03:03]} Nxd4 {[%emt 0:05:06]} 29. Rxd4 {[%emt 0:00:12]} Rxd4 {[%emt 0:00:14]} 30. Nxd4 {[%emt 0:03:56]} Qxe4 {[%emt 0:00:48]} 31. Bxe4 {[%emt 0:00:01]} Rd8 {[%emt 0:02:47]} 32. Nhf5 {[%emt 0:00:30]} Kf8 {[%emt 0:01:39]} 33. Bc6 {[%emt 0:01:09]} a6 {[%emt 0:00:40]} 34. f3 {[%emt 0:00:47]} Rb8 {[%emt 0:00:30]} 35. Kf2 {[%emt 0:00:39]} b4 {[%emt 0:01:00]} 36. axb4 {[%emt 0:00:02]} Rxb4 {[%emt 0:00:19]} 37. Ke3 {[%emt 0:00:02]} Nxh5 {[%emt 0:01:11]} 38. Ne6+ {[%emt 0:00:03]} Kf7 {[%emt 0:00:26]} 39. Bd5 {[%emt 0:01:02]} c6 {[%emt 0:00:32]} 40. Nd8+ {[%emt 0:00:21]} Kg6 {[%emt 0:00:00]} 41. Ne7+ {[%emt 0:08:14]} Kg5 42. Ne6+ {[%emt 0:01:24]} Kh4 {[%emt 0:06:52]} 43. Nf5+ {[%emt 0:00:30]} Kh3 {[%emt 0:00:09]} 44. Bxc6 {[%emt 0:00:00]} Rxb2 {[%emt 0:03:07]} 45. Kd4 {[%emt 0:09:12]} a5 46. Kc3 {[%emt 0:00:04]} Rb3+ {[%emt 0:07:25]} 47. Kxc4 {[%emt 0:00:04]} Rb4+ {[%emt 0:00:04]} 48. Kc3 Nf4 {[%emt 0:02:09]} 49. Nxf4+ {[%emt 0:00:48]} Rxf4 50. Nxh6 {[%emt 0:00:00]} Kg3 {[%emt 0:01:02]} 51. Ng4 Rxg4 1/2-1/2

[Event "48th Rilton Cup 2018"]
[Site "Stockholm"]
[Date "2018.12.30"]
[Round "4"]
[White "Karthikeyan, Murali"]
[Black "Santos Ruiz, Miguel"]
[Result "1/2-1/2"]
[WhiteElo "2591"]
[BlackElo "2523"]
[Annotator "TA"]
[PlyCount "84"]
[EventDate "2018.12.27"]
[EventType "swiss"]
[EventCountry "SWE"]
[SourceTitle "playchess.com"]
[Source "ChessBase"]
[SourceQuality "1"]

{[%evp 23,84,-7,0,0,0,0,0,8,20,-12,-8,-14,-14,-15,-13,-11,0,0,0,-15,-13,-16,-21,-25,-22,-28,-30,-35,-21,-28,-18,-24,0,-127,-124,-127,-100,-103,-87,-89,-66,-75,-65,-93,-82,-100,-93,-187,-175,-178,-16,-29,16,-31,-33,-39,-34,-27,-31,-31,-33,-43,-56]} 1. e4 e5 2. Nf3 Nc6 3. Bb5 a6 4. Ba4 Nf6 5. d3 d6 6. c3 g6 7. O-O Bg7 8. Re1 O-O 9. Nbd2 Re8 {C77: Ruy Lopez: 3...a6 4 Ba4 Nf6, unusual lines} (9... b5 10. Bc2 Bb7 11. Nf1 Nb8 12. d4 Nbd7 13. Ng3 Re8 14. a4 c6 15. Be3 Qc7 16. h3 exd4 17. cxd4 c5 {0-1 (65) McShane,L (2640)-Howell,D (2676) London 2017}) 10. Nf1 b5 11. Bb3 Na5 12. Bc2 c5 {LiveBook: 6 Games} 13. Bg5 {[%cal Bc1g5,Bg5h4,Bh4g3][%mdl 32]} h6 14. Bh4 {[#]} Be6 $146 ({Predecessor:} 14... Bb7 15. Ne3 d5 16. exd5 Bxd5 17. Nxd5 Qxd5 18. Qe2 {0-1 (64) Jansa,V (2477)-Haba,P (2524) Karlovy Vary 2004}) 15. Ne3 Qb6 16. h3 Nh5 17. a3 Nf4 18. Bg3 Nc6 19. Qd2 Nh5 20. Bh2 Rad8 21. g4 Nf4 22. Bxf4 $1 exf4 23. Nd5 Bxd5 $1 24. exd5 Ne7 {[%cal Bc6e7,Be7c8,Bc8a7][%mdl 32]} 25. c4 Bxb2 26. Rab1 Bg7 27. h4 Nc8 28. h5 (28. a4 $11) 28... g5 $17 29. d4 Rxe1+ 30. Qxe1 Kf8 31. Bd3 {[%cal Rc4b5]} Re8 32. Qc1 {[%cal Rc4b5]} Na7 33. cxb5 axb5 {[%cal Ba6b5,Bb5b4][%mdl 32]} 34. dxc5 dxc5 35. a4 (35. Kg2 $17 {might work better.}) 35... b4 $19 36. Qc4 {[#]} Rb8 $2 ({Black should play} 36... Nc8 $1 $19 37. Rc1 Bc3 38. Rxc3 bxc3 39. Qxc3 Qd6) 37. Nd2 $11 Qd6 (37... Bc3 $5 {[%cal Rc3d2]} 38. Nb3 Rc8 $11) 38. Bf5 {Ne4 is the strong threat.} Rd8 39. Ne4 Qxd5 40. Qxc5+ Qxc5 41. Nxc5 Bc3 42. a5 Rd5 {Accuracy: White = 64%, Black = 56%.} 1/2-1/2

[Event "48th Rilton Cup 2018"]
[Site "Stockholm"]
[Date "2018.12.30"]
[Round "4"]
[White "Santos Latasa, Jaime"]
[Black "Libiszewski, Fabien"]
[Result "1/2-1/2"]
[WhiteElo "2584"]
[BlackElo "2481"]
[Annotator "TA"]
[PlyCount "111"]
[EventDate "2018.12.27"]
[EventType "swiss"]
[EventCountry "SWE"]
[SourceTitle "playchess.com"]
[Source "ChessBase"]
[SourceQuality "1"]

{[%evp 21,111,54,62,56,61,54,49,47,52,43,65,10,51,26,30,41,81,46,56,34,46,42,64,44,94,75,124,83,86,0,0,0,0,0,7,0,6,3,0,0,6,10,26,-54,-33,-121,-107,-106,-62,-96,-85,-78,1,-58,0,-98,-100,-185,-188,-166,-133,-126,-164,-183,-126,-127,-128,-134,-108,-201,-174,-163,-113,-130,-131,-122,-8,-8,-2,-19,-8,-18,0,0,0,0,0,0,0,0,0,0]} 1. d4 Nf6 2. c4 g6 3. Nc3 Bg7 4. e4 d6 5. h3 O-O 6. Be3 c5 7. Nf3 cxd4 8. Nxd4 b6 {E90: King's Indian: Classical: Early deviations and 6 h3} (8... Nc6 9. Be2 Nxd4 10. Bxd4 Bd7 11. O-O a5 12. Qc2 Bc6 13. Rad1 Nd7 14. Bxg7 Kxg7 15. Bg4 Nf6 16. e5 Nxg4 17. hxg4 {½-½ (36) Andreikin,D (2737)-Mamedov,R (2688) Tallinn 2016}) 9. g3 Bb7 10. Bg2 Nbd7 11. O-O Rb8 {LiveBook: 7 Games} 12. Qc2 a6 13. b3 e6 14. Rad1 Qe7 {[#]} 15. Rfe1 $146 ({Predecessor:} 15. Bc1 Rfc8 16. a4 {½-½ (24) Khairullin,I (2575)-Shomoev,A (2566) Zvenigorod 2008}) 15... Rfc8 16. a4 (16. Qd2 $1 $14) 16... Qf8 (16... e5 $5 {[%cal Re5d4]}) 17. g4 {[%cal Bg3g4,Bg4g5][%mdl 32]} Ba8 18. Qb1 Ne5 19. Nde2 Nc6 20. Rd2 h5 21. g5 Ne8 22. f4 Nb4 23. Qd1 Kh7 24. Rf1 Qe7 25. Nd4 (25. Bf2 $16) 25... d5 $1 $11 26. Nde2 Rc7 27. e5 {[%cal Rc4d5]} dxc4 28. Bxa8 Rxa8 29. Bxb6 Rb7 30. a5 cxb3 31. Qxb3 Nc6 (31... Bxe5 $5 32. fxe5 Qxg5+ 33. Kh1 Qxd2 34. Qxb4 Qd3 $14) 32. Qa4 (32. Qc2 $11) 32... Nxe5 $1 $15 {Threatens to win with ...Rc8.} 33. Qe4 ({White should play} 33. Ne4 $15 Nd7 34. Bf2) 33... Rab8 $17 34. Rfd1 Nd7 35. Na4 Nxb6 36. axb6 e5 (36... Rc8 $17) 37. h4 (37. Rd3 $11) 37... f5 (37... Rxb6 $15 38. Nxb6 Rxb6) 38. Qe3 {[#]} (38. Qc4 $11 {remains equal.}) 38... Qb4 $1 {[%cal Rb4a4]} 39. Ra2 (39. Nc5 $17 {keeps fighting.} Qxb6 40. Rd3) 39... exf4 $19 40. Qxf4 Qb3 $36 {[%mdl 2048] Black is really pushing.} 41. Rad2 Rc8 42. Rd3 {[#]} ({Don't go for} 42. Rd7 $2 Rxd7 43. Rxd7 Rc4 $19) 42... Qb5 ({Black should try} 42... Qf7 $1 $19 {Strongly threatening ...Rc4.} 43. Rc1 Rxc1+ 44. Nxc1 Re7) 43. Nec3 $17 Bxc3 44. Nxc3 Qxb6+ 45. Kh1 (45. Kf1 $17 {was worth a try.}) 45... Qc6+ 46. Kg1 Qc5+ 47. Qe3 Qxe3+ 48. Rxe3 Rb3 (48... Kg8 $17 {Hoping for ...Kf7.} 49. Nd5 Kf7) 49. Re7+ $11 {The position is equal.} Kg8 50. Nd5 Kf8 {Black wants to play ...Rg3+.} 51. Rde1 Ng7 52. Nf6 f4 53. Nh7+ Kg8 54. Nf6+ Kf8 55. Nh7+ Kg8 56. Nf6+ {Precision: White = 39%, Black = 57%.} 1/2-1/2

[Event "48th Rilton Cup 2018"]
[Site "Stockholm"]
[Date "2018.12.30"]
[Round "4"]
[White "Moroni, Luca Jr"]
[Black "Slugin, Sergey"]
[Result "1-0"]
[WhiteElo "2564"]
[BlackElo "2359"]
[Annotator "TA"]
[PlyCount "81"]
[EventDate "2018.12.27"]
[EventType "swiss"]
[EventCountry "SWE"]
[SourceTitle "playchess.com"]
[Source "ChessBase"]
[SourceQuality "1"]

{[%evp 19,81,25,41,33,49,23,36,54,42,31,60,53,142,129,184,195,166,168,191,185,153,167,269,264,268,268,316,315,313,292,312,240,247,236,245,249,218,155,266,256,368,312,516,429,386,447,417,440,443,438,437,420,413,432,457,454,479,482,598,566,591,590,606,595]} 1. d4 g6 2. c4 Bg7 3. g3 d6 4. Bg2 Nd7 5. Nf3 e5 6. Nc3 Ne7 7. O-O O-O 8. e4 exd4 9. Nxd4 Nc6 10. Nde2 a6 {LiveBook: 4 Games. A42: Modern Defence: Averbakh Variation} (10... a5 11. b3 a4 12. Rb1 axb3 13. axb3 Nc5 14. b4 Ne6 15. Be3 Ne5 16. Qb3 Ng4 17. Bd2 c5 18. Nd5 Ne5 {½-½ (33) Xiong,J (2647)-Mamedov,R (2678) Atlantic City 2016}) 11. b3 Rb8 12. Bb2 $146 ({Predecessor:} 12. Rb1 b5 13. cxb5 axb5 14. b4 Nf6 15. f4 Bd7 16. h3 Re8 17. g4 h6 18. Qd3 {0-1 (27) Makoto,R (2287)-Nelson,J (1957) Pretoria 2014}) 12... b5 {White has an edge.} 13. cxb5 axb5 14. Qd2 Nc5 15. Nd5 {Strongly threatening Bxg7.} Ne5 ({Better is} 15... Bxb2 $14 16. Qxb2 f6) 16. f4 $16 c6 {[#]} (16... Ng4 $16) 17. Nb4 $1 $18 (17. fxe5 cxd5 18. exd6 (18. Qxd5 Be6 $15) (18. exd5 dxe5 19. Ba3 Qb6 $15) 18... Nxe4 $11) 17... Qb6 18. Kh1 Ng4 19. Bxg7 Kxg7 20. Qd4+ Kg8 (20... Nf6 {was called for.}) 21. h3 (21. Qxd6 Nxe4 22. Bxe4 Rd8 $16) 21... Nh6 22. f5 (22. Qxd6 $6 Nxe4 23. Bxe4 Bxh3 $18) 22... Re8 {[#]} 23. Qd2 $1 {[%cal Rd2h6]} ({Weaker is} 23. Qxd6 Nxe4 24. Qxc6 Qxc6 $11) 23... Nxe4 24. Qxh6 Bxf5 {Hoping for ...Nf2+.} 25. Qf4 d5 26. Rac1 Rbc8 27. Kh2 Be6 28. h4 ({Much less strong is} 28. Bxe4 dxe4 29. Rfd1 (29. Qxe4 Bxh3 30. Qf3 Bxf1 $17) 29... c5) 28... f5 (28... c5 $16) 29. Bxe4 $1 fxe4 (29... dxe4 $142 30. Qd6 Rcd8 31. Qxc6 Qxc6 32. Rxc6 Rd2) 30. Qf6 Qe3 $2 (30... c5 31. Nxd5 Qb7) 31. Nd4 Qd2+ 32. Rf2 Qxb4 33. Nxe6 {[%csl Ge6][%cal Rf6g7]} Qe7 34. Qxe7 Rxe7 {[#]} 35. Rxc6 $1 {[%mdl 512]} Rce8 {...e3 is the strong threat.} (35... Rxc6 36. Rf8#) 36. Nd4 e3 {White is clearly winning.} 37. Re2 Re4 38. Nxb5 Rd8 39. Rd6 Rxd6 40. Nxd6 Re6 41. Nb5 {Precision: White = 95%, Black = 41%.} 1-0

[Event "48th Rilton Cup 2018"]
[Site "Stockholm"]
[Date "2018.12.30"]
[Round "4"]
[White "Heberla, Bartlomiej"]
[Black "Lyrberg, Patrik"]
[Result "1-0"]
[WhiteElo "2550"]
[BlackElo "2440"]
[Annotator "TA"]
[PlyCount "87"]
[EventDate "2018.12.27"]
[EventType "swiss"]
[EventCountry "SWE"]
[SourceTitle "playchess.com"]
[Source "ChessBase"]
[SourceQuality "1"]

{[%evp 15,87,0,0,0,0,-6,8,-8,-12,0,-1,-15,-9,-17,27,27,29,21,85,82,95,72,141,39,35,28,62,0,0,0,92,81,80,70,209,-80,-118,-119,-35,-38,-13,-39,-12,-10,-9,-10,-10,-10,-10,-9,-10,-8,0,0,16,16,16,17,17,22,34,31,79,64,131,143,203,201,234,236,282,255,513,513]} 1. Nf3 Nf6 2. g3 d5 3. Bg2 c6 4. O-O Bf5 5. d3 h6 6. c4 dxc4 {A07: Réti Opening: New York and Capablanca Systems} (6... e6 7. cxd5 exd5 8. Qb3 Qb6 9. Qc2 Be7 10. Nc3 O-O 11. e4 Bh7 12. Be3 Qa6 13. Rad1 Nbd7 14. h3 Rad8 15. Rfe1 Bb4 {1-0 (38) Matlakov,M (2694)-Mchedlishvili,M (2601) Doha 2016}) 7. dxc4 Nbd7 8. Nc3 e5 {LiveBook: 6 Games. The position is equal.} 9. b3 Bb4 10. Bb2 a5 $146 ({Predecessor:} 10... O-O 11. a3 Be7 12. b4 Qc7 13. Qb3 Rad8 14. Rac1 a5 15. Rfd1 axb4 16. axb4 {0-1 (46) Gimeno Diaz,F (1824)-Vela Ignacio,J (1945) Benidorm 2015}) 11. Na4 Qe7 12. Nh4 Bh7 13. a3 Bd6 14. Bh3 h5 15. Qd2 $36 {[%mdl 2048] White has the initiative.} Bc7 16. Qg5 Kf8 (16... O-O $11 {remains equal.}) 17. Rad1 $16 Rd8 18. Qe3 Ra8 (18... b6 $142) 19. Nf5 (19. Rd2 $1 $16) 19... Bxf5 $1 $14 20. Bxf5 h4 21. Rd2 (21. g4 $14 g6 22. Bxd7 Nxd7 23. f4) 21... hxg3 $11 22. hxg3 {Strongly threatening Rfd1.} g6 (22... Rd8 $11) 23. Bxd7 $1 $16 Nxd7 24. Rfd1 Rd8 {[#]} (24... Nf6 $14) 25. Qa7 $2 {[#]} (25. Nc5 $1 $18 {[%mdl 512]} Nxc5 26. Rxd8+ {[%mdl 64] Overworked Piece} Bxd8 27. Bxe5) 25... f5 $1 $17 {Threatens to win with ...Qh7.} 26. Qe3 (26. Qxb7 $2 Qh7 $19) 26... Qh7 (26... Ke8 $17) 27. Qf3 $15 Qh2+ 28. Kf1 Qh3+ 29. Qg2 Qh1+ 30. Qxh1 Rxh1+ 31. Kg2 Rxd1 32. Rxd1 Ke7 33. Bc1 Nf6 34. Rh1 f4 35. gxf4 exf4 36. Nc5 b6 37. Nd3 Nh5 38. Kf3 {[%cal Rc1f4]} a4 39. Nb4 Rd6 ({Black should play} 39... Ke6 $1 $14) 40. bxa4 $16 Kd7 (40... Ke6 $16) 41. Bb2 ({Not} 41. Bxf4 $2 Nxf4 42. Na6 (42. Rh7+ $2 Kc8 $19) 42... Ne6 $19) 41... Kc8 42. Nd3 Kb7 43. Bc3 Nf6 $2 (43... c5 44. Rb1 Kc8) 44. c5 {Accuracy: White = 64%, Black = 28%.} 1-0